تاريخ الجيش المصرى فى عصور ما قبل التاريخ / (Record no. 32871)
[ view plain ]
| 000 -الفاتح | |
|---|---|
| حقل البيانات ثابتة الطول | 00916nam a2200241Ia 4500 |
| 005 - وقت وتاريخ اخر تعامل مع التسجيلة | |
| رقم الضبط | 20240530102526.0 |
| 008 - عناصر البيانات ثابتة الطول - معلومات عامة | |
| حقل البيانات ثابتة الطول | 140319s9999 xx 000 0 ara d |
| 020 ## - الرقم الدولى المعيارى للكتب | |
| الرقم الدولى المعيارى للكتاب | 0825401977 |
| 040 ## - مصدر الفهرسة | |
| وكالة الفهرسة الأصلية | GCL / |
| وكالة النسخ | GCL |
| 082 04 - رقم تصنيف ديوى العشرى | |
| رقم التصنيف | 355.00932 |
| رقم المادة | ق/ع ت |
| 100 1# - المدخل الرئيسى - إسم شخصى | |
| الإسم الشخصى | عزالدين اسماعيل احمد |
| 245 10 - بيان العنوان | |
| العنوان | تاريخ الجيش المصرى فى عصور ما قبل التاريخ / |
| بيان المسئوليه,etc | عزالدين اسماعيل احمد |
| 260 ## - PUBLICATION, DISTRIBUTION, ETC. (IMPRINT) | |
| تاريخ النشر أو التوزيع | 2003 |
| 300 ## - الوصف المادى | |
| التعداد | 295 ص ؛ |
| أبعاد الوعاء | 22 سم |
| 490 ## - بيان السلسلة | |
| عنوان السلسلة | تاريخ المصريين |
| رقم المجلد/ التعيين التسلسلي | 230 |
| 650 04 - المدخل الاضافى بالموضوع-مصطلح موضوعى | |
| مصطلح موضوعي | العلوم الحربية |
| 650 04 - المدخل الاضافى بالموضوع-مصطلح موضوعى | |
| مصطلح موضوعي | فن القتال |
| 650 04 - المدخل الاضافى بالموضوع-مصطلح موضوعى | |
| مصطلح موضوعي | مصر - الجيش |
| 650 04 - المدخل الاضافى بالموضوع-مصطلح موضوعى | |
| مصطلح موضوعي | مصر القديمة - تاريخ - الدولة الحديثة ( 1580 - 525 ق . م ) |
| 650 04 - المدخل الاضافى بالموضوع-مصطلح موضوعى | |
| مصطلح موضوعي | مصر - الاحوال العسكرية |
| 942 ## - عناصر المدخل الإضافي( كوها) | |
| مصدر التصنيف او مخطط الترفيف | Dewey Decimal Classification |
| Koha [default] item type | كتاب |
| 260 ## - PUBLICATION, DISTRIBUTION, ETC. (IMPRINT) | |
| -- | القاهرة : |
| -- | الهيئة المصرية العامة للكتاب ، |
| حالة التراجع | حالة الفقد | حالة تلف | ليس للاعارة | المكان المؤقت | الموقع الحالى | تاريخ الاكتساب | اجمالي اﻻعارات | رقم الطلب | الباركود | تاريخ اخر مشاهدة | تاريخ تفعيل السعر | نوع وعاء كوها |
|---|---|---|---|---|---|---|---|---|---|---|---|---|
| مكتبة القاهرة الكبرى | مكتبة القاهرة الكبرى | 03/26/2014 | 355.30932 ق/ع ت | 77540 | 10/05/2022 | 03/26/2014 | كتاب | |||||
| مكتبة القاهرة الكبرى | مكتبة القاهرة الكبرى | 07/19/2016 | 355.00932 ق/ع ت | 162192 | 07/19/2016 | 07/19/2016 | كتاب |

